| 000 | 00347nam a2200133Ia 4500 | ||
|---|---|---|---|
| 008 | 191201s1998 xx 000 0 und d | ||
| 082 |
_a677.028 _bSHI |
||
| 100 | _aSHAH, H S | ||
| 245 | 0 | _aIndustrial Practice in Colour Measurements | |
| 260 |
_aN.Delhi _bMahajan Book distributors _c1998 |
||
| 300 | _a98 | ||
| 650 | _aB.Tech(TE) | ||
| 942 |
_2ddc _cBK |
||
| 999 |
_c2285 _d2285 |
||